| 000 | 00893nam a2200157 a 4500 | ||
|---|---|---|---|
| 001 | 000013417 | ||
| 005 | 20240927073747.0 | ||
| 008 | 091124s1974 dr c r 000 0 spa d | ||
| 040 |
_aDO-SdBNP _bspa _cBNPHU |
||
| 082 |
_axxx _bD611p |
||
| 100 | 1 |
_a Balaguer, Joaquín, _d1906-2002 _976556 |
|
| 245 | 1 | 0 |
_aDiscurso pronunciados Por el Presidente de la República Doctor Joaquín Balaguer, en la firma del préstamo de $12.0 millones para el sector agrícola durante la reunión de la Comisión Nacional de Desarrollo celebrada el día 16 de octubre de 1974, en el Palacio Nacional, y del Señor Robert A. Hurwitch, embajador de los Estados Unidos de América : _bsupremo impulso a la agricultura / _cJoaquín Balaguer. |
| 260 |
_aSanto Domingo : _bDirección General de Información y Prensa de la Presidencia, _c1974. |
||
| 300 |
_a36 p. : _bretrs. ; _c21 cm. |
||
| 700 | 1 |
_aHurwitch, Robert A. _930664 |
|
| 999 |
_c13043 _d13043 |
||